[Event "TUR Cup"]
[Site "Denizli"]
[Date "2023.07.17"]
[Round "3"]
[White "Yanikoglu, Omer"]
[Black "Banci, Dogancan"]
[Result "1/2-1/2"]
[WhiteElo "1598"]
[BlackElo "1677"]
[PlyCount "83"]
[EventDate "2023.07.16"]
[EventType "team-tourn"]
[EventRounds "9"]
[EventCountry "TUR"]
[SourceTitle "CBM 215 Extra"]
[Source "ChessBase"]
[SourceDate "2023.09.30"]
[SourceVersion "1"]
[SourceVersionDate "2023.09.30"]
[SourceQuality "1"]

1. Nf3 Nf6 2. b3 c5 3. e3 e6 4. Bb2 Be7 5. d4 b6 6. Nbd2 Bb7 7. g3 0-0 8. Bg2 d6 9. 0-0 Nc6 10. a3 Rc8 11. c4 Qc7 12. Rc1 Qb8 13. Qc2 cxd4 14. exd4 d5 15. Qb1 Rfd8 16. cxd5 Nxd5 17. Nc4 Bf6 18. Nce5 Qa8 19. Bh3 h6 20. Rfe1 Nxe5 21. Nxe5 Bxe5 22. dxe5 b5 23. Bg2 a5 24. Qe4 Rd7 25. Rxc8+ Qxc8 26. Rc1 Rc7 27. Qe1 Rc2 28. Be4 Rxc1 29. Qxc1 Qxc1+ 30. Bxc1 Kf8 31. Bd2 a4 32. bxa4 bxa4 33. f4 Ke7 34. Kf2 Kd7 35. Ba5 Ba6 36. Ke1 Bc4 37. Kd2 Kc6 38. Bf3 Kc5 39. Bxd5 Kxd5 40. Ke3 Bb3 41. Bb4 g6 42. h4 1/2-1/2

[Event "TUR Cup"]
[Site "Antalya"]
[Date "2020.01.29"]
[Round "5"]
[White "Isikli, Murat Sedat"]
[Black "Yanikoglu, Omer"]
[Result "0-1"]
[WhiteElo "1400"]
[BlackElo "1635"]
[PlyCount "142"]
[EventDate "2020.01.26"]
[EventType "swiss"]
[EventRounds "11"]
[EventCountry "TUR"]
[SourceTitle "CBM 194 Extra"]
[Source "ChessBase"]
[SourceDate "2020.03.31"]
[SourceVersion "1"]
[SourceVersionDate "2020.03.31"]
[SourceQuality "1"]

1. e4 c5 2. Nf3 d6 3. d4 cxd4 4. Nxd4 Nf6 5. Nc3 g6 6. Bd3 Bg7 7. 0-0 0-0 8. Bg5 Nc6 9. Nb3 a5 10. a4 Be6 11. Nd2 Nb4 12. Bb5 Rc8 13. Rc1 Rxc3 14. bxc3 Na2 15. Ra1 Nxc3 16. Qf3 Nxb5 17. axb5 Ng4 18. Ra4 Ne5 19. Qe2 b6 20. Be3 Nd7 21. Bd4 Bh6 22. f4 Nc5 23. Ra3 f5 24. exf5 Bxf5 25. g4 Bd7 26. g5 Bg7 27. Bxg7 Kxg7 28. Re3 Rf7 29. c4 Bf5 30. Re1 e6 31. Nf3 Bg4 32. Qb2+ Kg8 33. Nd4 Rxf4 34. h4 Qf8 35. Nc6 Bf5 36. Nd4 Rg4+ 37. Kh2 Rxh4+ 38. Kg3 Rg4+ 39. Kh2 Rxg5 40. Nxf5 Rxf5 41. R1e2 Qh6+ 42. Rh3 Qf4+ 43. Kh1 e5 44. Qd2 Qxd2 45. Rxd2 Rf6 46. Rd5 Kg7 47. Kg2 g5 48. Rh1 Kg6 49. Rhd1 Ne4 50. Re1 Rf2+ 51. Kg1 Rf4 52. Kg2 h5 53. Rxe4 Rxe4 54. Rxd6+ Kf5 55. Rxb6 Rxc4 56. Ra6 a4 57. b6 Rb4 58. b7 Rxb7 59. Rxa4 e4 60. Ra5+ Kf4 61. Ra8 Rb2+ 62. Kf1 h4 63. Rf8+ Kg3 64. Rf5 g4 65. Re5 Rf2+ 66. Kg1 Rf4 67. Ra5 h3 68. Ra3+ Rf3 69. Ra2 h2+ 70. Rxh2 Rf1+ 71. Kxf1 Kxh2 0-1

[Event "TUR Cup"]
[Site "Antalya"]
[Date "2019.01.30"]
[Round "6"]
[White "Deveci, Halit"]
[Black "Yanikoglu, Omer"]
[Result "1-0"]
[WhiteElo "1621"]
[BlackElo "1664"]
[PlyCount "77"]
[EventDate "2019.01.27"]
[EventType "swiss"]
[EventRounds "11"]
[EventCountry "TUR"]
[SourceTitle "CBM 188 Extra"]
[Source "ChessBase"]
[SourceDate "2019.02.26"]
[SourceVersion "1"]
[SourceVersionDate "2019.02.26"]
[SourceQuality "1"]

1. Nf3 Nf6 2. g3 d5 3. Bg2 c6 4. d4 Bf5 5. 0-0 e6 6. Bf4 Nbd7 7. c4 Ne4 8. Nbd2 Ndf6 9. Qb3 Qb6 10. c5 Qa6 11. Ne5 Nxd2 12. Bxd2 Rc8 13. Rfc1 Nd7 14. Nxd7 Kxd7 15. e4 Qe2 16. Ba5 Qa6 17. Be1 Bxe4 18. Bf1 b5 19. a4 Rb8 20. axb5 Qc8 21. bxc6+ Ke7 22. Rxa7+ Kf6 23. Qa4 e5 24. c7 Rxb2 25. Qa6+ Qxa6 26. Bxa6 Be7 27. c8Q Rxc8 28. Bxc8 exd4 29. Rxe7 Kxe7 30. c6 Kd6 31. c7 Rc2 32. Rxc2 Bxc2 33. Ba5 d3 34. Bg4 f5 35. c8Q fxg4 36. Qxg4 g6 37. Qf4+ Ke6 38. Bc3 Kd7 39. Qf6 1-0